LEADER 01987oam 2200421 450 001 9910137084803321 005 20221206172120.0 010 $a1000040857 010 $a979-1-03-653828-5 035 $a(CKB)3710000000824773 035 $a(FrMaCLE)OB-ksp-4900 035 $a(oapen)https://directory.doabooks.org/handle/20.500.12854/43412 035 $a(PPN)238688976 035 $a(EXLCZ)993710000000824773 100 $a20190922c2014uuuu uu | 101 0 $ager 135 $auu||||||m|||| 181 $ctxt$2rdacontent 182 $cc$2rdamedia 183 $acr$2rdacarrier 200 10$aClose Readings$b[electronic resource] $eKulturgeschichtliche Interpretationen zu Bildern der wissenschaftlich-technischen Zivilisation /$fvon Rolf-Ulrich Kunze 210 $cKIT Scientific Publishing$d2014 210 1$aKarlsruhe :$cKIT Scientific Publishing,$d2014 215 $a1 online resource (416 pages) $ccolour illustrations 225 1 $aKarlsruher Studien Technik und Kultur / Hrsg.: G. Banse, A. Böhn, A. Grunwald, K. Möser, M. Pfadenhauer 311 $a3-7315-0216-X 330 $aThe essays in this volume on images of scientific and technical civilization in the 19th and 20th centuries deal with approaches to the social constructions of a fascinating history of technology. They are a contribution to the establishment of the field of historical technology acceptance research at KIT. Particular attention is paid to the history of mobility. 606 $aCivilization 606 $aCultural history 610 $aKulturgeschichte der Technik Technik als soziale Konstruktion Technik in der kulturellen Repräsentation Bildinterpretationencultural history of technology iconic turn cultural representation of technology 615 0$aCivilization. 615 0$aCultural history. 700 $aKunze$b Rolf-Ulrich$0801737 801 0$bUkMaJRU 906 $aBOOK 912 $a9910137084803321 996 $aClose Readings$92116852 997 $aUNINA LEADER 02364nam 2200601Ia 450 001 9910975039303321 005 20200520144314.0 010 $a9781299265394 010 $a1299265391 010 $a9780857011084 010 $a0857011081 035 $a(CKB)2670000000336483 035 $a(EBL)1114868 035 $a(OCoLC)829461636 035 $a(SSID)ssj0000833945 035 $a(PQKBManifestationID)12380603 035 $a(PQKBTitleCode)TC0000833945 035 $a(PQKBWorkID)10936384 035 $a(PQKB)11328441 035 $a(MiAaPQ)EBC1114868 035 $a(Perlego)952268 035 $a(EXLCZ)992670000000336483 100 $a20130118d2013 uy 0 101 0 $aeng 135 $aur|n|---||||| 181 $ctxt 182 $cc 183 $acr 200 10$aPrinciples of reflexolgy $ewhat it is, how it works, and what it can do for you /$fNicola Hall 205 $aRev. ed. 210 $aLondon ;$aPhiladelphia $cSinging Dragon$d2013 215 $a1 online resource (146 p.) 225 1 $aPrinciples of... 300 $aDescription based upon print version of record. 311 08$a9781848191372 311 08$a1848191375 327 $aPrinciples of Reflexology: What it is, how it works, and what it can do for you; Introduction; 1 What is Reflexology?; 2 How the Treatment Works; 3 How the Treatment is Given; 4 The Reflex Areas; 5 What Reflexology is Most Effectivein Treating; 6 Case Histories; 7 Reflexology as a PreventativeTherapy; 8 Finding a Reliable Reflexologist; Blank Page; Useful Contacts 330 $aThis introductory guide covers the history and theory behind reflexology as well as the principles of practice. The book includes an outline of how treatment works and how it is given, a guide to the reflex areas, effective reflexology treatments and case studies, reflexology as a preventative therapy and how to find a reliable reflexologist. 410 0$aPrinciples of... 606 $aReflexology (Therapy) 606 $aAcupressure 615 0$aReflexology (Therapy) 615 0$aAcupressure. 676 $a615.8224 676 $a615.8224 700 $aHall$b Nicola$c(Reflexologist)$01425893 801 0$bMiAaPQ 801 1$bMiAaPQ 801 2$bMiAaPQ 906 $aBOOK 912 $a9910975039303321 996 $aPrinciples of reflexolgy$94354520 997 $aUNINA